| 000 | 00803nam a2200217 i 4500 | ||
|---|---|---|---|
| 001 | 69352 | ||
| 003 | ES-MaACL | ||
| 005 | 20230906170511.0 | ||
| 007 | t| | ||
| 008 | 040705s1948 sp ||||1| spa d | ||
| 100 | 1 |
_aGarcía y Bellido, Antonio. _955426 |
|
| 245 | 1 | 0 |
_aHispania graeca / _cpor Antonio García-Bellido. |
| 260 |
_aBarcelona : _b[s.n., _c1948] ( _fImp. Escuela de la Casa Provincial de Caridad) |
||
| 300 |
_a3 t., 168 lám. : _bil. ; _c28 cm. |
||
| 490 | 1 | _aPublicaciones sobre arte y arqueología | |
| 500 | _aPrecede al tít.: Instituto Español de Estudios Mediterráneos. | ||
| 710 | 2 |
_aInstituto de Estudios Mediterraneos (Barcelona) _9151482 |
|
| 830 | 0 |
_aPublicaciones sobre arte y arqueología _9230988 |
|
| 852 |
_aES-MaACL _jC-5227-29 _bR.25521 |
||
| 999 |
_c69352 _d69352 |
||